[Event "16th Open"]
[Site "Abu Dhabi UAE"]
[Date "2006.08.21"]
[Round "9"]
[White "Bakre,T"]
[Black "Salem,AR"]
[Result "1-0"]
[WhiteElo "2454"]
[BlackElo "2154"]
[EventDate "2006.08.12"]

1. e4 c5 2. Nf3 d6 3. c3 Nf6 4. Bd3 Nc6 5. Bc2 Bd7 6. O-O e6 7. Re1 Qc7 8.
d4 O-O-O 9. a3 e5 10. d5 Ne7 11. Ng5 Be8 12. f4 Nd7 13. b4 h6 14. Nf3 exf4
15. Bxf4 g5 16. Bg3 f6 17. Nbd2 Ng6 18. Ba4 Bf7 19. Bxd7+ Rxd7 20. bxc5
Qxc5+ 21. Bf2 Qa5 22. Rb1 Be7 23. Nd4 Ne5 24. Nb5 a6 25. Na7+ Kb8 26. Nc6+
Nxc6 27. dxc6 Rc7 28. Bb6 Qxa3 29. Bxc7+ Kxc7 30. Rxb7+ 1-0

[Event "16th Open"]
[Site "Abu Dhabi UAE"]
[Date "2006.08.21"]
[Round "9"]
[White "El Arousy,A"]
[Black "Ibrahim,I UAE"]
[Result "1/2-1/2"]
[WhiteElo "2352"]
[BlackElo "2133"]
[EventDate "2006.08.12"]

1. e4 c5 2. Nf3 Nc6 3. Bb5 g6 4. Bxc6 dxc6 5. d3 Bg7 6. Nc3 Nf6 7. h3 O-O
8. Be3 b6 9. Qd2 Re8 10. O-O e5 11. a3 Qd6 12. Rab1 Nh5 13. b4 cxb4 14.
axb4 f5 15. Qd1 h6 16. Bd2 Nf4 17. Re1 g5 18. exf5 Bxf5 19. Ne4 Qg6 20. Bc3
Rad8 21. Kh2 Bc8 22. Ng3 e4 23. Bxg7 exf3 24. Be5 fxg2 25. Qf3 g1=Q+ 26.
Kxg1 Nxh3+ 27. Kh1 Rf8 28. Qh5 Qxh5 29. Nxh5 Rxf2 30. Rf1 Kf7 31. Rxf2+
Nxf2+ 32. Kg2 Ng4 33. Bb8 Ne3+ 34. Kf2 Nxc2 35. Bxa7 Rxd3 36. Bxb6 Bg4 37.
Ng3 Rd2+ 38. Kg1 Kg6 39. Rb2 Rd3 40. Kf2 Bd1 41. Ra2 h5 1/2-1/2

[Event "16th Open"]
[Site "Abu Dhabi UAE"]
[Date "2006.08.21"]
[Round "9"]
[White "Aswin,J"]
[Black "Samhouri,A"]
[Result "1/2-1/2"]
[WhiteElo "2221"]
[BlackElo "2294"]
[EventDate "2006.08.12"]

1. e4 c5 2. Nf3 d6 3. d4 cxd4 4. Nxd4 Nf6 5. Nc3 a6 6. f3 Qb6 7. Nb3 Nc6 8.
g4 e6 9. g5 Nd7 10. h4 Qc7 11. Be3 Nce5 12. f4 Nc4 13. Bxc4 Qxc4 14. Qf3 b5
15. O-O-O Qc7 16. Nd5 exd5 17. exd5 Bb7 18. Qe4+ Be7 19. Rhe1 Nc5 20. Bxc5
dxc5 21. Na5 Kf8 22. Nxb7 Qxb7 23. d6 Qxe4 24. Rxe4 Bd8 25. f5 f6 26. g6
hxg6 27. fxg6 Rh5 28. Rde1 Re5 29. Rxe5 fxe5 30. Rxe5 c4 31. a4 Rb8 32.
Rf5+ Kg8 33. h5 bxa4 34. Rc5 Bf6 35. c3 a3 36. bxa3 Bxc3 37. Rxc4 Bb2+ 38.
Kc2 Bxa3 39. d7 Rd8 40. Ra4 Be7 41. Kb3 Kf8 42. Rf4+ Kg8 43. Rd4 Bf6 44.
Rd6 Be7 45. Rd4 a5 46. Ka4 Ra8 47. Re4 Kf8 48. Rf4+ Kg8 49. Re4 Kf8 50.
Rf4+ Kg8 1/2-1/2

[Event "16th Open"]
[Site "Abu Dhabi UAE"]
[Date "2006.08.21"]
[Round "9"]
[White "Mahmoody,M"]
[Black "Al Sulaiti,G"]
[Result "0-1"]
[WhiteElo "2242"]
[BlackElo "2128"]
[EventDate "2006.08.12"]

1. d4 d5 2. Nf3 Nf6 3. g3 c6 4. Bg2 Bg4 5. Ne5 Bf5 6. Nd2 Nbd7 7. c4 e6 8.
cxd5 cxd5 9. Qa4 Be7 10. h3 h5 11. f3 O-O 12. g4 Nb6 13. Qb3 Bh7 14. O-O
Rc8 15. Qe3 Nfd7 16. gxh5 Nxe5 17. Qxe5 Bd6 18. Qe3 Qh4 19. Nb3 Rc2 20. h6
Nc4 21. Qg5 Qxg5 22. Bxg5 Rxe2 23. Rf2 Rxf2 24. Kxf2 Nxb2 25. Rg1 Rc8 26.
Na1 gxh6 27. Bxh6 Bg6 28. h4 Kh7 29. Bg5 Rc4 30. Bf6 Nd3+ 31. Ke3 Bf4+ 32.
Ke2 Ra4 33. Nb3 Rxa2+ 34. Kd1 Rb2 35. Bf1 Rxb3 36. h5 Rb1+ 37. Kc2 Rb2+ 0-1

[Event "16th Open"]
[Site "Abu Dhabi UAE"]
[Date "2006.08.21"]
[Round "9"]
[White "Schacht,H"]
[Black "Nadig,K"]
[Result "1/2-1/2"]
[WhiteElo "2254"]
[BlackElo "2226"]
[EventDate "2006.08.12"]

1. d4 Nf6 2. c4 g6 3. Nc3 d5 4. Bg5 Ne4 5. Bh4 Nxc3 6. bxc3 dxc4 7. e3 Be6
8. Nf3 Bg7 9. Nd2 c5 10. Nxc4 cxd4 11. cxd4 b5 12. Nd2 a6 13. Be2 O-O 14.
O-O Nc6 15. Nb3 Bd5 16. Nc5 Qd6 17. f4 Bc4 18. Bxc4 bxc4 19. Bf2 e5 20.
fxe5 Nxe5 21. Bg3 Qe7 22. Qe2 Rfc8 1/2-1/2

[Event "16th Open"]
[Site "Abu Dhabi UAE"]
[Date "2006.08.21"]
[Round "9"]
[White "Ahmed,I"]
[Black "Ramnath,B"]
[Result "0-1"]
[WhiteElo "2113"]
[BlackElo "2024"]
[EventDate "2006.08.12"]

1. e4 c5 2. Nf3 Nc6 3. d4 cxd4 4. Nxd4 Nf6 5. Nc3 e5 6. Ndb5 d6 7. Bg5 a6
8. Na3 b5 9. Nd5 Be7 10. Bxf6 Bxf6 11. c3 Ne7 12. Nxe7 Qxe7 13. Nc2 Bb7 14.
Bd3 Bg5 15. a4 bxa4 16. Rxa4 O-O 17. h4 Bh6 18. Qe2 a5 19. Bc4 Kh8 20. Qd3
Bc6 21. Ra2 f5 22. exf5 Bxg2 23. Rh2 Bb7 24. Bd5 e4 25. Qb5 Qe5 26. Qxb7
Qxh2 27. Bxe4 Rae8 28. Kf1 Qh3+ 29. Kg1 Qg4+ 30. Bg2 Qxf5 31. b4 Qxf2+ 32.
Kh1 Qxh4+ 33. Kg1 Re1+ 34. Nxe1 Be3+ 0-1